[Event "Wch U14 Girls"]
[Site "Mamaia"]
[Date "2022.09.14"]
[Round "9"]
[White "Wang, Chloe"]
[Black "Stankovic, Andrea"]
[Result "0-1"]
[WhiteElo "1674"]
[BlackElo "1823"]
[PlyCount "128"]
[EventDate "2022.09.06"]
[EventType "swiss"]
[EventRounds "11"]
[EventCountry "ROU"]
[SourceTitle "CBM 210 Extra"]
[Source "ChessBase"]
[SourceDate "2022.11.30"]
[SourceVersion "1"]
[SourceVersionDate "2022.11.30"]
[SourceQuality "1"]

1. e4 e6 2. d4 d5 3. Nd2 c5 4. exd5 exd5 5. dxc5 Bxc5 6. Nb3 Bb6 7. Nf3 Nc6 8. Bd3 Nf6 9. Qe2+ Be6 10. Ng5 Qd6 11. Be3 d4 12. Bd2 0-0 13. Nxe6 Rfe8 14. Bc4 Ne5 15. 0-0 Nxc4 16. Qxc4 Rxe6 17. Rfe1 Ne4 18. Qd3 Rae8 19. a3 Qe7 20. Bb4 Qf6 21. f3 Ng5 22. Rxe6 Nxe6 23. Re1 Rc8 24. Bd2 Qg6 25. Na1 Qxd3 26. cxd3 Nc5 27. Rc1 Re8 28. Rd1 Nxd3 29. b4 Nb2 30. Re1 Rxe1+ 31. Bxe1 Nc4 32. Kf1 Nxa3 33. Ke2 f6 34. Kd3 Kf7 35. Nb3 Nb5 36. Kc4 a6 37. Kd5 Ke7 38. Bg3 Nc3+ 39. Kc4 Ne2 40. Be1 Kd6 41. g3 Ng1 42. Nd2 f5 43. Kd3 Nh3 44. Nc4+ Kc6 45. Nxb6 Kxb6 46. f4 Ng1 47. Bf2 Nf3 48. h3 g5 49. Ke2 g4 50. hxg4 fxg4 51. Kd3 Kb5 52. Bxd4 Kxb4 53. Bf6 Nh2 54. f5 Kc5 55. Ke4 Kd6 56. Be5+ Ke7 57. Bc3 Nf3 58. Kf4 h5 59. Bb4+ Kf7 60. Bc3 b6 61. Bh8 a5 62. Ke4 b5 63. Kd5 h4 64. Ke4 h3 0-1